MARC

LEADER 00000nam0a2200000 4500
001 367715
005 20231102012018.0
035 |a (RuTPU)RU\TPU\retro\25078 
090 |a 367715 
100 |a 20220321d1979 km y0rusy50 ca 
101 0 |a rus 
102 |a LT 
105 |a a z 001zy 
200 1 |a Космогенные радионуклиды в атмосфере  |f В. Луянас  |g под ред. Б. И. Стыро 
210 |a Вильнюс  |c Мокслас  |d 1979 
215 |a 195 с.  |c ил. 
320 |a Библиогр.: с. 178-187 
320 |a Имен. указ.: с. 192-193 
606 1 |a Нуклиды радиоактивные  |x Миграция  |2 stltpush  |3 (RuTPU)RU\TPU\subj\72279  |9 85842 
606 1 |a Ионизирующие излучения  |x Распространение в атмосфере  |2 stltpush  |3 (RuTPU)RU\TPU\subj\13059  |9 39741 
610 1 |a космогенные нуклиды 
610 1 |a космические лучи 
610 1 |a возникновение 
610 1 |a окружающая среда 
610 1 |a геофизика 
610 1 |a атмосфера 
610 1 |a динамика 
675 |a 550.424  |v 4 
675 |a 551.510.7  |v 4 
700 1 |a Луянас  |b В. 
702 1 |a Стыро  |b Б. И.  |4 340 
801 1 |a RU  |b 63413507  |c 20220321 
942 |c BK